Treasury of humor; (Record no. 1273)

000 -LEADER
fixed length control field 00931nam a22002897a 4500
001 - CONTROL NUMBER
control field 2654729
003 - CONTROL NUMBER IDENTIFIER
control field OSt
005 - DATE AND TIME OF LATEST TRANSACTION
control field 20210426100941.0
008 - FIXED-LENGTH DATA ELEMENTS--GENERAL INFORMATION
fixed length control field 710910s1971 mau 001 0 eng
010 ## - LIBRARY OF CONGRESS CONTROL NUMBER
LC control number 70153957
020 ## - INTERNATIONAL STANDARD BOOK NUMBER
International Standard Book Number 0395126657
040 ## - CATALOGING SOURCE
Original cataloging agency DLC
Transcribing agency DLC
Modifying agency DLC
Language of cataloging eng
041 ## - LANGUAGE CODE
Language code of text/sound track or separate title eng
050 00 - LIBRARY OF CONGRESS CALL NUMBER
Classification number PN6151
Item number .A8
080 ## - UNIVERSAL DECIMAL CLASSIFICATION NUMBER
Universal Decimal Classification number 821.111
Item number A-84
082 00 - DEWEY DECIMAL CLASSIFICATION NUMBER
Classification number 808.87
100 1# - MAIN ENTRY--PERSONAL NAME
Personal name Asimov, Isaac,
Dates associated with a name 1920-1992.
245 10 - TITLE STATEMENT
Title Treasury of humor;
Remainder of title a lifetime collection of favorite jokes, anecdotes, and limericks with copious notes on how to tell them and why.
Statement of responsibility, etc. / by: Houghton Mifflin Company
260 ## - PUBLICATION, DISTRIBUTION, ETC.
Place of publication, distribution, etc. Boston
Name of publisher, distributor, etc. Houghton Mifflin Company
Date of publication, distribution, etc. 1971.
300 ## - PHYSICAL DESCRIPTION
Extent xi, 431 p.
Dimensions 24 cm.
365 ## - TRADE PRICE
Price amount 7.95 usd
650 #0 - SUBJECT ADDED ENTRY--TOPICAL TERM
Topical term or geographic name entry element Wit and humor.
650 #0 - SUBJECT ADDED ENTRY--TOPICAL TERM
Topical term or geographic name entry element English literature
9 (RLIN) 247
653 ## - INDEX TERM--UNCONTROLLED
Uncontrolled term ინგლისური ლიტერატურა
906 ## - LOCAL DATA ELEMENT F, LDF (RLIN)
a 7
b cbc
c orignew
d 2
e ncip
f 19
g y-gencatlg
942 ## - ADDED ENTRY ELEMENTS (KOHA)
Source of classification or shelving scheme
Koha item type Books
Holdings
Withdrawn status Lost status Source of classification or shelving scheme Damaged status Not for loan Permanent location Current location Date acquired Inventory number Total Checkouts Full call number Barcode Date last seen Price effective from Koha item type
          Ken Walker International University Ken Walker International University 02/08/2021 1332   821.111 A-84 1332 02/08/2021 02/08/2021 Books

Powered by Koha